00267nam a2200097Ia 4500008004100000245004200041245001800083260000900101650001100110856004800121171211s9999 xx 000 0 und d 4aThe 66 Kid: Raised on the Mother Road cBob Boze Bell c2014 xTRAVEL uhttp://down.ebook777.com/063/076034695X.pdf